00000000nam 2200000zi 4500
0019.945566
003CaOODSP
00520250122110115
006m     o  d f      
007cr cn|||||||||
008241126t20252025onca    osb  f000 0 eng d
020 |a9780660746623
040 |aCaOODSP|beng|erda|cCaOODSP
043 |an-cn---
0861 |aCS11-627/2025-8E-PDF
24500|aNon-official language speakers : |bimmigration status and period of immigration.
264 1|a[Ottawa] : |bStatistics Canada = Statistique Canada, |c[2025]
264 4|c©2025
300 |a1 online resource (1 unnumbered page) : |billustrations
336 |atext|btxt|2rdacontent
337 |acomputer|bc|2rdamedia
338 |aonline resource|bcr|2rdacarrier
500 |aCaption title.
500 |aIssued also in French under title: Locuteurs et locutrices d'une langue non officielle : statut d'immigration et période d'immigration.
504 |aIncludes bibliographical references.
520 |a"In 2021, more than 9 in 10 Hindi or Tagalog speakers in Canada were born outside the country, compared with less than 5 in 10 of Greek or Italian speakers ... Spanish, German and Ukrainian were the languages with the highest proportion of speakers born in Canada to Canadian-born parents"--Page [1].
650 0|aImmigrants|zCanada|xLanguage|vStatistics.
650 0|aLanguage and languages|xVariation.
650 0|aLanguage maintenance|zCanada|vStatistics.
650 0|aLanguage surveys|zCanada|vStatistics.
650 0|aLinguistic minorities|zCanada|vStatistics.
650 0|aEmigration and immigration|vStatistics.
655 7|aStatistics|2lcgft
7102 |aStatistics Canada, |eissuing body.
77508|tLocuteurs et locutrices d'une langue non officielle : |w(CaOODSP)9.945568
85640|qPDF|s140 KB|uhttps://publications.gc.ca/collections/collection_2025/statcan/11-627-m/11-627-m2025008-eng.pdf
8564 |qHTML|sN/A|uhttps://www150.statcan.gc.ca/n1/pub/11-627-m/11-627-m2025008-eng.htm
986 |a11-627-M